000 00639nam a2200229Ia 4500
003 OSt
005 20220924132601.0
006 a|||||r|||| 00| 0
007 ta
008 220923b |||||||| |||| 00| 0 san d
024 _a73540
037 _cTextual
040 _aARTS
_cARTS
_bsan
041 _2san
_asan
082 _aR631x2:1, 15K6 (TTPS)
100 _aIsvara Krsna
245 0 _aSankhya karika ed with the Hindi tr of the comm of Gaudapada and by Jagannatha Sastri
260 _c1966
650 _aYOGA
_92333
942 _hR631x2:1, 15K6 (TTPS)
_cTEXL
_2CC
999 _c430771
_d430771